000 00449nam a2200157Ia 4500
005 20241218045629.0
008 240331s9999 xx 000 0 und d
082 _bPIN
_a891
100 _aPinto, N
245 2 _aA short history of Sinhalese literature :
_bfrom the earliest times to the present day
260 _aColombo
_bM.D. Gunasena & Co. Ltd
_c1954
300 _a x, 78 p .,
650 _aHistory
650 _aSinhalese Literature
942 _cL
999 _c3390
_d3390